000 00853cam a2200193 i 4500
005 20260121123334.0
008 250721s2001 ua gr 000 0 ara d
082 1 4 _a341.759
_bم ح م
100 1 _aمحمد، جلال وفاء
_eمؤلف.
245 1 2 _aالاطار القانوني لنقل التكنولوجيا :
_bفي ظل الجهود الدولية واحكام نقل التكنولوجيا في قانون التجارة /
_cدكتور جلال وفاء محمدين.
264 3 1 _aاسكندرية :
_bدار الجامعة الجديدة للنشر،
_c2001.
300 _a134 صفحة.
490 0 _aالمكتبة القانونية.
650 1 7 _aالقانون الدولي.
650 1 7 _aنقل التكنولوجيا.
830 0 _aالمكتبة القانونية.
942 _2ddc
_cBK
999 _c80327
_d80327